[Event "SW Autumn Open"]
[Site "Newport"]
[Date "2019.11.17"]
[Round "5.1"]
[White "Waterfield, John W"]
[Black "Varley, Peter"]
[Result "0-1"]
[WhiteElo "1921"]
[BlackElo "2181"]
[PlyCount "52"]
[EventDate "2019.11.15"]
[EventRounds "5"]
[EventCountry "WLS"]
[SourceDate "2019.11.16"]

1. e4 e5 2. Nf3 Nc6 3. c3 d5 4. Qa4 Qd6 5. b3 dxe4 6. Ba3 Qf6 7. Bxf8 Kxf8 8.
Qxe4 Bf5 9. Qc4 Nge7 10. Bd3 Bxd3 11. Qxd3 Qg6 12. Qxg6 hxg6 13. Na3 a6 14. O-O
Rd8 15. Rad1 Nd5 16. Rfe1 f6 17. Nc2 Kf7 18. Ne3 Rd7 19. Nxd5 Rxd5 20. Re2 Rhd8
21. Ne1 R5d6 22. Nc2 Rd3 23. a3 Rxc3 24. Rc1 Rxb3 25. Nb4 Nxb4 26. axb4 c6 0-1

[Event "SW Autumn Open"]
[Site "Newport"]
[Date "2019.11.17"]
[Round "5.2"]
[White "Kozusek, Daniel"]
[Black "Saunders, Walter N. R."]
[Result "1-0"]
[WhiteElo "2338"]
[BlackElo "1989"]
[PlyCount "49"]
[EventDate "2019.11.15"]
[EventRounds "5"]
[EventCountry "WLS"]
[SourceDate "2019.11.16"]

1. d4 Nf6 2. Bg5 d5 3. e3 Nbd7 4. c4 c6 5. Nc3 Qa5 6. cxd5 Nxd5 7. Bh4 e6 8.
Qb3 Nxc3 9. bxc3 Bd6 10. Bg3 Bxg3 11. hxg3 h6 12. Bd3 O-O 13. Nf3 c5 14. g4
cxd4 15. exd4 Nf6 16. Ne5 Qd5 17. Qc2 Qxg2 18. O-O-O Rd8 19. Rdg1 Qd5 20. f4
Bd7 21. g5 hxg5 22. fxg5 Ne8 23. Bc4 Qa5 24. Rf1 Nd6 25. Qh7+ 1-0

[Event "SW Autumn Open"]
[Site "Newport"]
[Date "2019.11.17"]
[Round "5.3"]
[White "Gilbert, Jonathan A."]
[Black "Fathallah, Joe"]
[Result "1/2-1/2"]
[WhiteElo "2008"]
[BlackElo "1904"]
[PlyCount "48"]
[EventDate "2019.11.15"]
[EventRounds "5"]
[EventCountry "WLS"]
[SourceDate "2019.11.16"]

1. d4 f5 2. Nc3 d5 3. Bf4 Nf6 4. e3 e6 5. Bd3 Bd6 6. Nge2 c6 7. Bg5 O-O 8. Qd2
Qe8 9. Bxf6 Rxf6 10. f4 b6 11. O-O-O Ba6 12. h3 c5 13. Bxa6 Nxa6 14. g4 b5 15.
dxc5 Bxc5 16. Ng3 Bb4 17. Qd4 Bxc3 18. Qxc3 Rc8 19. Qa5 Qc6 20. Rh2 Nc5 21.
gxf5 exf5 22. Qc3 Qa6 23. Kb1 Ne4 24. Qe1 Nxg3 1/2-1/2

[Event "SW Autumn Open"]
[Site "Newport"]
[Date "2019.11.17"]
[Round "5.4"]
[White "Turner, Joseph David"]
[Black "Thomas, Roy"]
[Result "1-0"]
[WhiteElo "1842"]
[BlackElo "1696"]
[PlyCount "75"]
[EventDate "2019.11.15"]
[EventRounds "5"]
[EventCountry "WLS"]
[SourceDate "2019.11.16"]

1. e4 c5 2. Nf3 Nc6 3. Bb5 Nf6 4. e5 Nd5 5. O-O g6 6. Re1 Bg7 7. c3 O-O 8. d4
cxd4 9. cxd4 d6 10. exd6 Qxd6 11. h3 e6 12. Nc3 Nxc3 13. bxc3 a6 14. Bf1 b5 15.
a4 b4 16. cxb4 Nxb4 17. Ba3 a5 18. Rb1 Ba6 19. Bxa6 Rxa6 20. Ne5 Rb8 21. Qf3
Qd5 22. Qxf7+ Kh8 23. Bxb4 axb4 24. Rxb4 Rf8 25. Qe7 Raa8 26. Rb7 Qxb7 27. Qxb7
Rxa4 28. Qd7 Ra6 29. Re4 Ra1+ 30. Kh2 Ra6 31. Rh4 Kg8 32. Nc6 g5 33. Ne7+ Kh8
34. Ng6+ Kg8 35. Nxf8 gxh4 36. Nxe6 Bf8 37. Nxf8 Kxf8 38. Qc8+ 1-0

[Event "SW Autumn Open"]
[Site "Newport"]
[Date "2019.11.17"]
[Round "5.5"]
[White "Harris, Calum"]
[Black "Jukes, Sam"]
[Result "1/2-1/2"]
[WhiteElo "1808"]
[BlackElo "1897"]
[PlyCount "78"]
[EventDate "2019.11.15"]
[EventRounds "5"]
[EventCountry "WLS"]
[SourceDate "2019.11.16"]

1. e4 e5 2. Nf3 Nc6 3. d4 exd4 4. Nxd4 Nf6 5. Nc3 Bb4 6. Nxc6 bxc6 7. Bd3 d5 8.
exd5 cxd5 9. Qe2+ Be7 10. O-O O-O 11. Bf4 c6 12. Rfe1 Re8 13. Qd2 Be6 14. Ne2
c5 15. Bb5 Ne4 16. Qd1 Bd7 17. Qxd5 Bxb5 18. Qxe4 Bg5 19. Bxg5 Qxg5 20. Qf4 Qg6
21. Nc3 Bc6 22. f3 Qxc2 23. Rxe8+ Rxe8 24. Qc1 Qd3 25. Qf1 Qg6 26. Re1 Rxe1 27.
Qxe1 h5 28. Qe3 h4 29. Qxc5 Bxf3 30. Qc8+ Kh7 31. Qh3 Qb6+ 32. Kf1 Bb7 33.
Qxh4+ Kg8 34. Qf2 Qh6 35. Qxa7 Qc1+ 36. Kf2 Qxb2+ 37. Ne2 Bxg2 38. Kxg2 Qxe2+
39. Kg3 Qe5+ 1/2-1/2

[Event "SW Autumn Open"]
[Site "Newport"]
[Date "2019.11.17"]
[Round "5.6"]
[White "Morgans, Justin"]
[Black "Van Kemenade, Rudy"]
[Result "0-1"]
[WhiteElo "1657"]
[BlackElo "1885"]
[PlyCount "114"]
[EventDate "2019.11.15"]
[EventRounds "5"]
[EventCountry "WLS"]
[SourceDate "2019.11.16"]

1. e4 d6 2. d4 Nf6 3. Nc3 c6 4. Nf3 Qc7 5. Be2 e5 6. Be3 h6 7. h3 Nbd7 8. Qd2
Be7 9. g4 b5 10. a3 g5 11. d5 a6 12. O-O c5 13. b4 cxb4 14. axb4 Bb7 15. Bd3
Rc8 16. Ne2 Bxd5 17. exd5 e4 18. Nfd4 exd3 19. cxd3 Nxd5 20. Rxa6 Ne5 21. Rc1
Qb7 22. Rxc8+ Qxc8 23. Qa2 Nxb4 24. Ra8 Nxa2 25. Rxc8+ Bd8 26. Nxb5 Kd7 27. Ra8
Nb4 28. d4 Nec6 29. Nec3 d5 30. Na4 Bf6 31. Nc5+ Ke7 32. Rxh8 Bxh8 33. Kg2 Nc2
34. Nb3 Kd7 35. Kf3 Ne7 36. Na5 f5 37. gxf5 Nxf5 38. Ke2 Ncxd4+ 39. Nxd4 Bxd4
40. Nb3 Bxe3 41. fxe3 Kd6 42. Nd2 Ke5 43. Kf3 h5 44. Nf1 Nh4+ 45. Kf2 Kf5 46.
Ng3+ Kg6 47. e4 d4 48. Ne2 d3 49. Nd4 Kf6 50. Ke3 Ng2+ 51. Kxd3 Nf4+ 52. Ke3
Nxh3 53. Nf3 g4 54. Nh4 Kg5 55. Ng2 Ng1 56. Kf2 Nf3 57. Kf1 Nd2+ 0-1

[Event "SW Autumn Open"]
[Site "Newport"]
[Date "2019.11.17"]
[Round "5.7"]
[White "Denham-Kennedy, Colin"]
[Black "Payan, Juan C"]
[Result "0-1"]
[WhiteElo "1656"]
[BlackElo "1791"]
[PlyCount "118"]
[EventDate "2019.11.15"]
[EventRounds "5"]
[EventCountry "WLS"]
[SourceDate "2019.11.16"]

1. Nf3 d5 2. d4 Nf6 3. Bf4 Bf5 4. e3 e6 5. Nbd2 Bd6 6. Bxd6 Qxd6 7. c4 O-O 8.
c5 Qe7 9. b4 b6 10. a3 c6 11. Ne5 b5 12. Nb3 Nfd7 13. Nf3 e5 14. Be2 e4 15. Nh4
Qxh4 16. g4 Bg6 17. Kd2 f5 18. gxf5 Rxf5 19. f4 exf3 20. Bxf3 Qf2+ 21. Be2 Rf3
22. Qg1 Qxg1 23. Rhxg1 Rf2 24. h3 Bh5 25. Rae1 Nf6 26. Nc1 a5 27. Nd3 Ne4+ 28.
Kc2 Rxe2+ 29. Rxe2 Bxe2 30. Nf4 Bc4 31. Ne6 g6 32. h4 axb4 33. h5 bxa3 34. hxg6
hxg6 35. Nc7 Ra7 36. Nxb5 Bxb5 37. Rxg6+ Kh7 38. Rg1 a2 39. Ra1 Nd7 40. Kb3
Ndf6 41. Rh1+ Kg6 42. Ra1 Ng4 43. Kb2 Bc4 44. Kc1 Rf7 45. Kb2 Rf1 46. Rxf1 Bxf1
47. Kxa2 Bb5 48. Kb3 Nxe3 49. Kb2 Nf5 50. Kc2 Nxd4+ 51. Kd1 Ne6 52. Kc2 N6xc5
53. Kd1 Kf5 54. Kc2 Ke5 55. Kd1 Kd4 56. Kc2 Ba4+ 57. Kc1 Kc3 58. Kb1 d4 59. Ka1
d3 0-1